ĽUBOR NIEDERLE - 60-ročný.

Bibliographic Details
Main Author: Škultéty, Jozef, 1853-1948 (Author)
Format: Article
Language:Slovak

MARC

LEADER 00000nab a2200000uu 4500
001 vtls011518647
003 SK-MaSNL
005 20260303094334.0
008 180924|1925 xo |||||||||||||||||slo|
015 |a SNBRB 
035 |a (urnnbn)urn:nbn:sk:snk:ar-001z2x 
035 |a (uuid)f6fe38af-4310-4035-bc65-abe8a55730bc 
035 |a urn:nbn:sk:snk-abe7jl 
040 |a SNKBUCL  |b slo  |c SNKBUCL  |e AACR2 
041 0 |a slo 
044 |a xo  |c SK 
100 1 |a Škultéty, Jozef,  |d 1853-1948  |4 aut  |9 189198 
245 1 0 |a ĽUBOR NIEDERLE - 60-ročný.  |c Jozef Škultéty 
773 0 |t Slovenské pohľady  |g Roč. 41, č. 9 (1925), s. 572-574 
958 |a ONDV 
958 |a article21 
999 |c 1820149  |d 1822079